Código de comercio de Puerto Rico / (Record no. 44593)
[ view plain ]
| 000 -LEADER | |
|---|---|
| campo de control de longitud fija | 00485nam a2200145 i 4500 |
| 001 - NÚMERO DE CONTROL | |
| campo de control | 44593 |
| 003 - IDENTIFICADOR DE NÚMERO DE CONTROL | |
| campo de control | ES-MaACL |
| 007 - CAMPO FIJO DE DESCRIPCIÓN FÍSICA--INFORMACIÓN GENERAL | |
| campo de control de longitud fija | t| |
| 008 - DATOS DE LONGITUD FIJA--INFORMACIÓN GENERAL | |
| campo de control de longitud fija | 030321s1963 sp ||||1| spa d |
| 245 00 - MENCIÓN DEL TÍTULO | |
| Título | Código de comercio de Puerto Rico / |
| Mención de responsabilidad, etc. | estudio preliminar por J. Santa-Pinter. |
| 260 ## - PUBLICACIÓN, DISTRIBUCIÓN, ETC. | |
| Lugar de publicación, distribución, etc. | Barcelona : |
| Nombre del editor, distribuidor, etc. | C.S.I.C Instituto de derecho comparado, |
| Fecha de publicación, distribución, etc. | 1963 ( |
| Fabricante | Imp. vda. de Daniel Cochs) |
| 300 ## - DESCRIPCIÓN FÍSICA | |
| Extensión | 161 p. ; |
| Dimensiones | 20 cm. |
| 700 1# - ENTRADA AGREGADA--NOMBRE PERSONAL | |
| Nombre de persona | Santa Pinter, J. J. |
| 9 (RLIN) | 103249 |
| 852 ## - LOCALIZACIÓN | |
| Ubicación | ES-MaACL |
| Número de control de estantería | G-7306 |
| Sublocalización o colección | R.53155 |
| Estatus retirado | Estado de pérdida | Estado de daño | No para préstamo | Biblioteca de origen | Biblioteca actual | Ubicación en estantería | Fecha de adquisición | Fuente de adquisición | Total de préstamos | Signatura topográfica completa | Código de barras | Visto por última vez | Precio de reemplazo | Tipo de ítem Koha |
|---|---|---|---|---|---|---|---|---|---|---|---|---|---|---|
| Biblioteca del Ateneo de Madrid | Biblioteca del Ateneo de Madrid | Depósito 2 | 17/01/2008 | G-7306 | 1046935 | 23/02/2023 | 23/02/2023 | Libro impreso |
